00309nam a2200121Ia 4500008004100000040001700041041001200058082002000070100001500090245003200105260003900137300001100176230917s9999||||xx |||||||||||||| ||und|| e162089aMAIN aEnglish a070.10244 K128M aKamleshwar 0aMedia, bhasha aur sanskriti aNew DelhibParveen Prakashanc2006 a128 p.